000 00306nam a2200109Ia 4500
008 171211s9999 xx 000 0 und d
245 _aSpektrum Kompakt - Das Konnektom
245 _cSpektrum der Wissenschaft
260 _c2017
650 _xBiology
856 _uhttp://down.ebook777.com/064/B06XFPKKGP.pdf
999 _c350356
_d350356